000 00357nam a22001337a 4500
005 20250313104804.0
008 250313b |||||||| |||| 00| 0 eng d
020 _a858922487
100 _aWHITE, John
245 _aThe race: The christian way in faith and practice
260 _aLeicester
_bInter-Varsity Press
_c1984c
300 _a212p
942 _2lcc
_cBK
_n0
999 _c4743
_d4743